000 00485nam a2200181Ia 4500
005 20250326141645.0
008 250326s9999 xx 000 0 und d
037 _aTextbook
040 _aFMSL
_beng
_cFMSL
041 _aeng
_2eng
084 _aX:8D.1 M6
_qFMSL
100 _aTapley M
245 0 _aInternational portpolio Management
_cTapley M
260 _aLondon
_bLondon, Euromoney
_c1986
300 _a182p
942 _cTB
_hX:8D.1 M6
999 _c1291349
_d1291349